000 00631cam a2200229 4500
001 M92695
008 090401t xxu||||| |||| 00| 0 eng d
035 _a(Sirsi) u87228
041 _aeng
050 _a333.332
110 _aLeasehold Advisory Service
_93510
245 _aValuation for collective enfranchisement : valuation issues for flats.
260 _aLondon
_bLeasehold Advisory Service
_c1998?
300 _a11p. ; 30cm.
350 _a0
650 _aCOLLECTIVE ENFRANCHISEMENT
650 _aRESIDENTIAL LEASES
650 _aValuation
_96273
690 _aRATING AND VALUATION
942 _n0
948 _c06/07/1998
999 _c97205
_d97205